000 00801nam a2200313Ia 4500
008 210210b2001 xxu||||| |||| 00| 0 eng d
020 _a81 7888 010 5
082 _a363.44 ABRG
100 _aABRAHAM (Shailaja).
245 _aGoing nowhere: trafficking of women and children in international sex trade. V1
260 _aNew Delhi
_bDominant Publishers and Distributors
_c2001
300 _a295
440 _a1
650 _awomen
650 _aV1
650 _aTrafficking Women Children Sex Trade Prostitution
650 _atrafficking
650 _atrade.
650 _asex
650 _aof
650 _anowhere:
650 _ainternational
650 _ain
650 _aGoing
650 _achildren
650 _aand
690 _aSocial Problems
906 _a061322
999 _c107997
_d107997